[Event "7th Reykjavik op"]
[Site "Reykjavik ISL"]
[Date "1976.??.??"]
[Round "1"]
[White "Gunnarsson, Gunnar"]
[Black "Tukmakov, Vladimir"]
[WhiteElo "2310"]
[BlackElo "2490"]
[Result "0-1"]
[EventDate "1976.08.24"]
[PlyCount "72"]

1.c4 Nf6 2.Nc3 c5 3.Nf3 d5 4.cxd5 Nxd5 5.g3 Nc6 6.Nxd5 Qxd5 7.Bg2 e5 8.O-O
Be7 9.d3 O-O 10.Be3 Qe6 11.Ng5 Qg6 12.Nf3 Qh5 13.Rc1 b6 14.Nd2 Bd7 15.a3 
Rac8 16.Bf3 Qg6 17.Nc4 Bh3 18.Re1 b5 19.Nd2 Nd4 20.Bxd4 exd4 21.a4 a6 22.
axb5 axb5 23.Qb3 Rb8 24.Ra1 Rfc8 25.Be4 Qh6 26.Nf3 Be6 27.Qa3 f5 28.Qa7 
fxe4 29.Qxe7 exf3 30.Ra7 Re8 31.Qxc5 Qd2 32.Raa1 fxe2 33.Qxd4 Rbd8 34.Qe5 
Bc4 35.Qc7 Rxd3 36.Qc6 Rdd8 0-1

[Event "7th Reykjavik op"]
[Site "Reykjavik ISL"]
[Date "1976.??.??"]
[Round "1"]
[White "Johannsson, Ingi Randver"]
[Black "Najdorf, Miguel"]
[WhiteElo "2395"]
[BlackElo "2510"]
[Result "0-1"]
[EventDate "1976.08.24"]
[PlyCount "66"]

1.c4 Nf6 2.Nc3 g6 3.e4 d6 4.d4 Bg7 5.Nf3 O-O 6.Be2 e5 7.O-O Nbd7 8.Re1 c6 
9.Rb1 Ng4 10.d5 c5 11.b4 cxb4 12.Rxb4 Nc5 13.h3 Nf6 14.Qc2 Nh5 15.Bg5 f6 
16.Be3 b6 17.Bf1 f5 18.Bg5 Qd7 19.exf5 gxf5 20.Bd2 h6 21.Nb5 Nf6 22.Bc3 
Nfe4 23.Ba1 Qd8 24.Nd2 Nxd2 25.Qxd2 f4 26.Nc3 Qg5 27.Kh1 e4 28.Nb5 e3 29.
fxe3 fxe3 30.Qc1 Rf2 31.Bxg7 Bxh3 32.Rxe3 Bxg2+ 33.Kg1 Rxf1+ 0-1

[Event "7th Reykjavik op"]
[Site "Reykjavik ISL"]
[Date "1976.??.??"]
[Round "1"]
[White "Keene, Raymond Dennis"]
[Black "Thorsteinsson, Bjorn"]
[WhiteElo "2460"]
[BlackElo "2415"]
[Result "1-0"]
[EventDate "1976.08.24"]
[PlyCount "127"]

1.c4 Nf6 2.Nc3 d5 3.cxd5 Nxd5 4.g3 g6 5.Bg2 Nb6 6.d3 Bg7 7.Be3 Nc6 8.Bxc6+
bxc6 9.Qc1 h5 10.h4 Nd5 11.Bd2 Rb8 12.Nf3 Bg4 13.Nh2 Bh3 14.Nf1 Qd7 15.Ne3
O-O 16.b3 Nxe3 17.Bxe3 a6 18.Bh6 Bg2 19.Bxg7 Kxg7 20.Rg1 Bd5 21.Qc2 f5 22.
Rc1 Rf6 23.f4 Qd6 24.Kf2 e5 25.Nxd5 Qxd5 26.Qc5 exf4 27.Qxd5 fxg3+ 28.Rxg3
cxd5 29.Rxc7+ Rf7 30.Rc5 Rb4 31.Rh3 d4 32.Rh1 Rf6 33.Rhc1 Rb5 34.Rc7+ Rf7 
35.R1c6 a5 36.Rxf7+ Kxf7 37.Rd6 Re5 38.Rxd4 Ke6 39.Rc4 Rb5 40.Rc6+ Kf7 41.
Rc7+ Kf6 42.Rc6+ Kf7 43.Rc4 Kf6 44.Kf3 Rb6 45.Kf4 Rd6 46.Ra4 Rd5 47.d4 Rb5
48.Rc4 Rb6 49.e3 Ke6 50.Rc5 a4 51.bxa4 Rb2 52.Rc6+ Kf7 53.Rc7+ Kf6 54.Rc6+
Kf7 55.a5 Rxa2 56.a6 Ra3 57.Rb6 Rd3 58.Rb7+ Kf6 59.Ra7 Rd1 60.Ra8 Rf1+ 61.
Kg3 Rg1+ 62.Kf2 Ra1 63.a7 Kg7 64.d5 1-0

[Event "7th Reykjavik op"]
[Site "Reykjavik ISL"]
[Date "1976.??.??"]
[Round "1"]
[White "Matera, Sal"]
[Black "Antoshin, Vladimir"]
[WhiteElo "2420"]
[BlackElo "2460"]
[Result "1/2-1/2"]
[EventDate "1976.08.24"]
[PlyCount "65"]

1.d4 Nf6 2.c4 e6 3.Nc3 Bb4 4.e3 d5 5.Bd3 O-O 6.Nf3 b6 7.O-O Bb7 8.cxd5 
exd5 9.Ne5 Nbd7 10.f4 c5 11.Bd2 Ne4 12.Be1 Bxc3 13.bxc3 f6 14.Bh4 Qe8 15.
Bxe4 dxe4 16.Nxd7 Qxd7 17.dxc5 Qxd1 18.Rfxd1 bxc5 19.Rd6 Rfd8 20.Rad1 Rxd6
21.Rxd6 Kf8 22.f5 Ke7 23.Bg3 Rd8 24.Rxd8 Kxd8 25.Bd6 c4 26.Bf8 g6 27.fxg6 
hxg6 28.Kf2 Kd7 29.h4 Ke6 30.g4 g5 31.hxg5 fxg5 32.Bc5 a6 33.Bb6 1/2-1/2

[Event "7th Reykjavik op"]
[Site "Reykjavik ISL"]
[Date "1976.??.??"]
[Round "1"]
[White "Olafsson, Helgi"]
[Black "Angantysson, Haukur"]
[WhiteElo "2370"]
[BlackElo "2400"]
[Result "1/2-1/2"]
[EventDate "1976.08.24"]
[PlyCount "44"]

1.c4 g6 2.e4 Bg7 3.d4 d6 4.Nc3 Nf6 5.Be2 O-O 6.Nf3 e5 7.O-O Nc6 8.d5 Ne7 
9.Bd2 Ne8 10.Rc1 f5 11.Ne1 Nf6 12.f3 f4 13.Nd3 g5 14.c5 Ng6 15.cxd6 cxd6 
16.Nb5 Rf7 17.Qc2 g4 18.Nc7 gxf3 19.gxf3 Bh3 20.Nxa8 Nxe4 21.fxe4 Qg5+ 22.
Kf2 Qh4+ 1/2-1/2

[Event "7th Reykjavik op"]
[Site "Reykjavik ISL"]
[Date "1976.??.??"]
[Round "1"]
[White "Petursson, Margeir"]
[Black "Olafsson, Fridrik"]
[WhiteElo "2390"]
[BlackElo "2550"]
[Result "1/2-1/2"]
[EventDate "1976.08.24"]
[PlyCount "46"]

1.c4 Nf6 2.Nf3 g6 3.Nc3 Bg7 4.d4 O-O 5.e4 d6 6.Be2 e5 7.dxe5 dxe5 8.Qxd8 
Rxd8 9.Bg5 Re8 10.O-O-O h6 11.Be3 c6 12.Ne1 Ng4 13.Bxg4 Bxg4 14.Rd2 Nd7 
15.Nc2 Bf8 16.f3 Be6 17.Rhd1 Nc5 18.b3 h5 19.Kb2 Be7 20.Nd5 cxd5 21.cxd5 
Bd7 22.d6 Nxe4 23.fxe4 Bd8 1/2-1/2

[Event "7th Reykjavik op"]
[Site "Reykjavik ISL"]
[Date "1976.??.??"]
[Round "2"]
[White "Angantysson, Haukur"]
[Black "Antoshin, Vladimir"]
[WhiteElo "2400"]
[BlackElo "2460"]
[Result "0-1"]
[EventDate "1976.08.24"]
[PlyCount "52"]

1.e4 e5 2.Nf3 d6 3.d4 exd4 4.Nxd4 Nf6 5.Nc3 Be7 6.Bc4 O-O 7.O-O a6 8.a4 
Nc6 9.Bf4 Nb4 10.Bb3 c5 11.Nf3 Be6 12.Nd2 d5 13.exd5 Nfxd5 14.Nxd5 Nxd5 
15.Bg3 b5 16.c3 Qd7 17.Nf3 Rad8 18.axb5 axb5 19.Ra5 c4 20.Bc2 b4 21.Qa1 
Bf6 22.Ne5 Qc8 23.Be4 Rfe8 24.Rd1 bxc3 25.Bxd5 c2 26.Rd2 Bxd5 0-1

[Event "7th Reykjavik op"]
[Site "Reykjavik ISL"]
[Date "1976.??.??"]
[Round "2"]
[White "Olafsson, Helgi"]
[Black "Gunnarsson, Gunnar"]
[WhiteElo "2370"]
[BlackElo "2310"]
[Result "1/2-1/2"]
[EventDate "1976.08.24"]
[PlyCount "92"]

1.c4 Nf6 2.Nc3 c5 3.Nf3 d5 4.cxd5 Nxd5 5.e3 g6 6.Qb3 Nxc3 7.Qxc3 f6 8.Qxc5
Nc6 9.a3 Bd7 10.Qc2 Rc8 11.Qb1 Bf5 12.d3 g5 13.Be2 Bg7 14.b4 b5 15.O-O Bg6
16.Ra2 O-O 17.Rc2 Qd7 18.Bb2 e5 19.Rc5 Rfd8 20.Rd1 Bf8 21.Rcc1 Qe6 22.Nd2 
a5 23.bxa5 Nxa5 24.Bc3 Nc6 25.Qxb5 Bxa3 26.Ra1 Bf8 27.d4 Bf7 28.Bc4 Qe8 
29.Ne4 Bxc4 30.Qxc4+ Kg7 31.d5 Ne7 32.Qa6 Qg6 33.f3 Nf5 34.Qb7+ Qf7 35.Ra7
Qxb7 36.Rxb7+ Kg6 37.Kf2 Bc5 38.Nxc5 Rxc5 39.Rd3 Nd6 40.Rb3 e4 41.Rd1 exf3
42.gxf3 Nb5 43.Ba5 Rdxd5 44.Rxd5 Rxd5 45.e4 Rc5 46.Ke3 Nd4 1/2-1/2

[Event "7th Reykjavik op"]
[Site "Reykjavik ISL"]
[Date "1976.??.??"]
[Round "2"]
[White "Thorsteinsson, Bjorn"]
[Black "Matera, Sal"]
[WhiteElo "2415"]
[BlackElo "2420"]
[Result "0-1"]
[EventDate "1976.08.24"]
[PlyCount "100"]

1.e4 c5 2.Nf3 e6 3.d4 cxd4 4.Nxd4 a6 5.Bd3 Nf6 6.O-O d6 7.Nc3 Nc6 8.Be3 
Qc7 9.Kh1 Be7 10.f4 Nxd4 11.Bxd4 e5 12.Be3 exf4 13.Rxf4 Be6 14.Qe2 O-O 15.
Raf1 Nd7 16.Qh5 Ne5 17.Nd5 Bxd5 18.exd5 g6 19.Qh6 f5 20.Bd4 Bf6 21.Qh3 
Rae8 22.Qg3 Qg7 23.h3 Kh8 24.Bc3 Nd7 25.Rb4 Bxc3 26.bxc3 Ne5 27.Rb6 Qc7 
28.Rfb1 f4 29.Qh4 Rb8 30.Be4 Rf7 31.Qf2 Qc4 32.Qd4 Qxd4 33.cxd4 Nc4 34.Bd3
Nxb6 35.Rxb6 Rd8 36.Kg1 f3 37.gxf3 Rxf3 38.Kg2 Rf4 39.Rxb7 Rxd4 40.Bxa6 
Ra8 41.Rb6 Rxd5 42.a4 Rd2+ 43.Kg3 Rxc2 44.Rxd6 Rc3+ 45.Kg4 Re8 46.Rd4 Re5 
47.Bb5 h5+ 48.Kh4 Kg7 49.Bd3 Re3 50.Bf1 Kh6 0-1

[Event "7th Reykjavik op"]
[Site "Reykjavik ISL"]
[Date "1976.??.??"]
[Round "2"]
[White "Tukmakov, Vladimir"]
[Black "Johannsson, Ingi Randver"]
[WhiteElo "2490"]
[BlackElo "2395"]
[Result "0-1"]
[EventDate "1976.08.24"]
[PlyCount "96"]

1.c4 Nf6 2.Nc3 e6 3.Nf3 c5 4.g3 Nc6 5.Bg2 d5 6.cxd5 exd5 7.d4 Be7 8.O-O 
O-O 9.Bg5 c4 10.Ne5 Be6 11.e3 Nd7 12.Nxc6 bxc6 13.Bxe7 Qxe7 14.b3 cxb3 15.
Qxb3 Rab8 16.Qc2 Rb4 17.a3 Rb7 18.Na4 Rc8 19.Rfc1 c5 20.e4 dxe4 21.Bxe4 
Bb3 22.Qd3 c4 23.Qf3 Rbb8 24.Nc3 Nf6 25.Bc6 Rd8 26.d5 Qc5 27.Qf4 h6 28.a4 
a6 29.Rab1 Rd6 30.Re1 Rbd8 31.Re3 Bc2 32.Rb7 g5 33.Qe5 Bg6 34.h3 Kg7 35.
Qe7 Qd4 36.Rf3 h5 37.Be8 g4 38.Bxf7 R8d7 39.Rxd7 Rxd7 40.Qxf6+ Qxf6 41.
Rxf6 Kxf6 42.Be6 Rb7 43.hxg4 hxg4 44.Bxg4 Rb3 45.Ne2 c3 46.d6 Rb1+ 47.Kg2 
c2 48.d7 Ke7 0-1

[Event "7th Reykjavik op"]
[Site "Reykjavik ISL"]
[Date "1976.??.??"]
[Round "3"]
[White "Matera, Sal"]
[Black "Timman, Jan"]
[WhiteElo "2420"]
[BlackElo "2550"]
[Result "0-1"]
[EventDate "1976.08.24"]
[PlyCount "60"]

1.c4 e5 2.Nc3 d6 3.g3 g6 4.Bg2 Bg7 5.d3 f5 6.f4 Nc6 7.Nh3 Nf6 8.Rb1 O-O 9.
O-O Kh8 10.b4 a6 11.Kh1 Rb8 12.Nd5 Ne7 13.Be3 b6 14.Ng5 Qd7 15.Nxf6 Bxf6 
16.c5 Bb7 17.Bxb7 Rxb7 18.cxd6 cxd6 19.Qb3 Bxg5 20.fxg5 b5 21.d4 Qc6+ 22.
Kg1 Qe4 23.dxe5 Nd5 24.Bf2 dxe5 25.Rfd1 Rd7 26.Rd3 f4 27.Rbd1 Rfd8 28.R3d2
fxg3 29.hxg3 Nf4 30.gxf4 Rxd2 0-1

[Event "7th Reykjavik op"]
[Site "Reykjavik ISL"]
[Date "1976.??.??"]
[Round "3"]
[White "Vukcevich, Milan"]
[Black "Najdorf, Miguel"]
[WhiteElo "2490"]
[BlackElo "2510"]
[Result "1/2-1/2"]
[EventDate "1976.08.24"]
[PlyCount "57"]

1.e4 e5 2.Nf3 d6 3.d4 Nf6 4.Nc3 Nbd7 5.Bc4 Be7 6.O-O O-O 7.Re1 c6 8.a4 b6 
9.Bg5 h6 10.Bh4 Bb7 11.Ba2 a6 12.Bg3 Qc7 13.Nh4 Rfe8 14.Ng6 b5 15.b4 Nf8 
16.Nxe7+ Rxe7 17.Qf3 Ng6 18.Rad1 Qb6 19.dxe5 dxe5 20.a5 Qc7 21.Qe3 Rd8 22.
Rxd8+ Qxd8 23.Rd1 Rd7 24.Rxd7 Qxd7 25.f3 Qd6 26.Qa7 Qxb4 27.Qxb7 Qxc3 28.
Qxf7+ Kh7 29.h3 1/2-1/2

[Event "7th Reykjavik op"]
[Site "Reykjavik ISL"]
[Date "1976.??.??"]
[Round "3"]
[White "Westerinen, Heikki"]
[Black "Olafsson, Fridrik"]
[WhiteElo "2485"]
[BlackElo "2550"]
[Result "0-1"]
[EventDate "1976.08.24"]
[PlyCount "48"]

1.e4 c5 2.Nf3 e6 3.b3 d5 4.exd5 exd5 5.Bb2 Nf6 6.Bb5+ Nc6 7.Qe2+ Be7 8.
Bxf6 gxf6 9.O-O O-O 10.Re1 Bd6 11.h3 Kh8 12.Nc3 Rg8 13.Kh1 Be6 14.Bxc6 
bxc6 15.Nh4 f5 16.Nf3 Qf6 17.Rg1 Qh6 18.Na4 Rg7 19.Nh2 Rag8 20.Qe3 Qf6 21.
Rae1 d4 22.Qd3 Bd5 23.Nf3 Rg4 24.Nxc5 Bxc5 0-1

[Event "7th Reykjavik op"]
[Site "Reykjavik ISL"]
[Date "1976.??.??"]
[Round "4"]
[White "Angantysson, Haukur"]
[Black "Thorsteinsson, Bjorn"]
[WhiteElo "2400"]
[BlackElo "2415"]
[Result "1-0"]
[EventDate "1976.08.24"]
[PlyCount "111"]

1.Nf3 d5 2.c4 Nf6 3.g3 dxc4 4.Qa4+ Nc6 5.Qxc4 e5 6.d3 Be6 7.Qa4 Nd7 8.Bg2 
Nb6 9.Qd1 Be7 10.O-O f5 11.Nc3 O-O 12.a4 a5 13.Nb5 Bf6 14.e4 Rf7 15.Be3 
fxe4 16.dxe4 Nc4 17.Qc1 Nxe3 18.Qxe3 Rd7 19.Rfc1 Nb4 20.Bf1 c6 21.Na3 Nd3 
22.Rc2 h6 23.Rd1 Nb4 24.Rcd2 Rxd2 25.Rxd2 Qc7 26.Nc4 Bxc4 27.Bxc4+ Kh7 28.
Be6 Rd8 29.Rxd8 Qxd8 30.Qa7 Qe7 31.Bc4 b5 32.Qxe7 Bxe7 33.axb5 cxb5 34.
Bxb5 Bd6 35.Kf1 Kg6 36.Nd2 Nc2 37.Nb3 Bc7 38.Ba4 Nb4 39.Ke2 Bb6 40.f4 Kf6 
41.Nd2 Bc7 42.f5 Na6 43.h4 Bb6 44.Bb5 Nb4 45.Nc4 Bd4 46.g4 Nc2 47.Ba4 Nb4 
48.b3 Bc3 49.Nxa5 Na2 50.Nc4 Nb4 51.Ne3 Bb2 52.g5+ hxg5 53.Ng4+ Ke7 54.
hxg5 Bc1 55.g6 Bg5 56.Nxe5 1-0

[Event "7th Reykjavik op"]
[Site "Reykjavik ISL"]
[Date "1976.??.??"]
[Round "4"]
[White "Gunnarsson, Gunnar"]
[Black "Johannsson, Ingi Randver"]
[WhiteElo "2310"]
[BlackElo "2395"]
[Result "0-1"]
[EventDate "1976.08.24"]
[PlyCount "58"]

1.c4 Nf6 2.Nc3 e6 3.g3 d5 4.Bg2 Be7 5.Qa4+ c6 6.cxd5 exd5 7.Nf3 O-O 8.O-O 
Na6 9.d4 Re8 10.Rd1 Bf5 11.a3 Nc7 12.h3 h6 13.g4 Bh7 14.Bf4 Ne6 15.Bg3 Bd6
16.Ne5 Nc5 17.dxc5 Bxe5 18.Bxe5 Rxe5 19.Qd4 Qe7 20.e3 Re8 21.b4 Ne4 22.
Nxe4 Bxe4 23.Bxe4 Rxe4 24.Qb2 Qh4 25.Kg2 h5 26.gxh5 R8e5 27.Rg1 Rxe3 28.
fxe3 Rxe3 29.Kf1 Rf3+ 0-1

[Event "7th Reykjavik op"]
[Site "Reykjavik ISL"]
[Date "1976.??.??"]
[Round "4"]
[White "Olafsson, Helgi"]
[Black "Petursson, Margeir"]
[WhiteElo "2370"]
[BlackElo "2390"]
[Result "1/2-1/2"]
[EventDate "1976.08.24"]
[PlyCount "68"]

1.c4 Nf6 2.Nc3 e6 3.Nf3 Bb4 4.Qc2 c5 5.a3 Ba5 6.Na4 d6 7.e3 Nc6 8.Be2 e5 
9.O-O e4 10.Ng5 Bf5 11.d3 exd3 12.Bxd3 Bxd3 13.Qxd3 Ne5 14.Qc2 O-O 15.Rd1 
Qe7 16.Bd2 Bxd2 17.Rxd2 Neg4 18.Re1 h6 19.Nh3 Ne4 20.Rdd1 Qe5 21.g3 Ngf6 
22.f3 Ng5 23.Nxg5 hxg5 24.Nc3 Rad8 25.Nd5 b5 26.f4 Qe6 27.Nxf6+ Qxf6 28.
cxb5 Rb8 29.a4 Rfe8 30.Qd3 gxf4 31.exf4 Qxb2 32.Qxd6 Qb4 33.Re5 Qxa4 34.
Rxc5 Rxb5 1/2-1/2

[Event "7th Reykjavik op"]
[Site "Reykjavik ISL"]
[Date "1976.??.??"]
[Round "4"]
[White "Sigurjonsson, Gudmundur"]
[Black "Matera, Sal"]
[WhiteElo "2530"]
[BlackElo "2420"]
[Result "1/2-1/2"]
[EventDate "1976.08.24"]
[PlyCount "115"]

1.e4 c5 2.Nf3 e6 3.d4 cxd4 4.Nxd4 a6 5.Bd3 Nf6 6.O-O d6 7.c4 Be7 8.Qe2 O-O
9.b3 Re8 10.Bb2 Bf8 11.Nd2 Nbd7 12.Rad1 Qc7 13.f4 e5 14.Nf5 Qb6+ 15.Kh1 g6
16.Ne3 exf4 17.Rxf4 Bh6 18.Rf3 Ne5 19.c5 Qxc5 20.b4 Qb6 21.Ndc4 Qd8 22.
Nxe5 dxe5 23.Bb5 axb5 24.Rxd8 Rxd8 25.Nd5 Nxd5 26.exd5 Rxd5 27.Rd3 Bg4 28.
Qe4 Rxd3 29.Qxd3 Rxa2 30.Qd8+ Bf8 31.Bxe5 Re2 32.Bg3 Rc2 33.h3 Rc8 34.Qd3 
Bf5 35.Qxb5 Be4 36.Qe2 Bd5 37.b5 Bc4 38.Qb2 Rc5 39.b6 Bd5 40.Kh2 Bc6 41.
Be5 h5 42.Bf6 Rc4 43.Qd2 Re4 44.Kg1 Bc5+ 45.Kh2 Bf8 46.Kg1 Kh7 47.Qd8 Bc5+
48.Kh2 Re8 49.Qc7 Kg8 50.Be5 h4 51.Bd6 Bd4 52.Be7 Bf2 53.Bd6 g5 54.g3 Re1 
55.Qc8+ Kg7 56.Qf8+ Kg6 57.Qg8+ Kf6 58.Qd8+ 1/2-1/2

[Event "7th Reykjavik op"]
[Site "Reykjavik ISL"]
[Date "1976.??.??"]
[Round "5"]
[White "Antoshin, Vladimir"]
[Black "Sigurjonsson, Gudmundur"]
[WhiteElo "2460"]
[BlackElo "2530"]
[Result "1/2-1/2"]
[EventDate "1976.08.24"]
[PlyCount "160"]

1.d4 Nf6 2.c4 g6 3.g3 Bg7 4.Bg2 O-O 5.Nc3 d6 6.Nf3 Nbd7 7.O-O e5 8.e4 c6 
9.h3 Qb6 10.Rb1 Qb4 11.dxe5 Nxe5 12.Nxe5 dxe5 13.Qb3 a5 14.Na4 Be6 15.Nb6 
Qxb3 16.axb3 Rad8 17.Ra1 Rd3 18.Rxa5 Rxb3 19.c5 Rd8 20.Ra7 Bf8 21.Be3 Nh5 
22.Rxb7 Nxg3 23.Re1 Nh5 24.Rc7 Nf4 25.Rxc6 Rxb2 26.Bxf4 exf4 27.Nd5 Rc2 
28.Nxf4 Bxc5 29.Nxe6 fxe6 30.Kh1 Rdd2 31.Rf1 Kg7 32.Bf3 Bxf2 33.Rxc2 Rxc2 
34.e5 h5 35.Bd1 Rb2 36.Ba4 Kh6 37.Bd7 Kg5 38.Bxe6 Bg3 39.Bf7 Bxe5 40.Rg1+ 
Kf6 41.Rf1+ Kg7 42.Be6 Rd2 43.Rf3 Kh6 44.Kg1 Kg5 45.Kf1 Kh4 46.Ke1 Rh2 47.
Ra3 g5 48.Kf1 Rc2 49.Re3 Bf4 50.Rf3 Rc6 51.Bf5 Rf6 52.Bc8 Rf8 53.Bd7 Rd8 
54.Bf5 Rd4 55.Ke2 g4 56.hxg4 hxg4 57.Bxg4 Kxg4 58.Rd3 Re4+ 59.Kd1 Rc4 60.
Rb3 Kf5 61.Ke2 Ke4 62.Rb2 Be5 63.Ra2 Bd4 64.Rd2 Rc8 65.Ra2 Rg8 66.Rc2 Rg3 
67.Rd2 Rh3 68.Rc2 Bc3 69.Kd1 Rd3+ 70.Ke2 Re3+ 71.Kf2 Kf4 72.Kg2 Bd4 73.
Rf2+ Ke4 74.Ra2 Re1 75.Kg3 Rf1 76.Rg2 Rf8 77.Kg4 Bf2 78.Kh3 Kf3 79.Rg3+ 
Kf4 80.Rg7 Rh8+ 1/2-1/2

[Event "7th Reykjavik op"]
[Site "Reykjavik ISL"]
[Date "1976.??.??"]
[Round "5"]
[White "Johannsson, Ingi Randver"]
[Black "Angantysson, Haukur"]
[WhiteElo "2395"]
[BlackElo "2400"]
[Result "1-0"]
[EventDate "1976.08.24"]
[PlyCount "75"]

1.c4 g6 2.Nf3 Bg7 3.g3 d6 4.Bg2 Nf6 5.Nc3 O-O 6.O-O Nc6 7.Rb1 Bg4 8.h3 
Bxf3 9.Bxf3 Nd7 10.d3 a5 11.Bg2 Nc5 12.Be3 e5 13.Bxc5 dxc5 14.Qb3 Ra6 15.
Qb5 Qe7 16.Nd5 Qd6 17.Qxb7 Nd4 18.e3 Ne6 19.Ne7+ Kh8 20.Nc8 Rxc8 21.Qxc8+ 
Nd8 22.Bd5 f5 23.d4 exd4 24.exd4 Bxd4 25.Kg2 Kg7 26.Rfe1 Rb6 27.Re8 Bf6 
28.Rd1 Rxb2 29.Bf3 Bd4 30.Re2 Rb4 31.Rde1 Bf6 32.Bd5 c6 33.Re6 Nxe6 34.
Rxe6 Qd8 35.Qxc6 Be7 36.Qa6 Rb2 37.Qa7 Kf8 38.Rf6+ 1-0

[Event "7th Reykjavik op"]
[Site "Reykjavik ISL"]
[Date "1976.??.??"]
[Round "5"]
[White "Keene, Raymond Dennis"]
[Black "Najdorf, Miguel"]
[WhiteElo "2460"]
[BlackElo "2510"]
[Result "1/2-1/2"]
[EventDate "1976.08.24"]
[PlyCount "34"]

1.c4 Nf6 2.Nc3 g6 3.e4 d6 4.d4 Bg7 5.Be2 O-O 6.Nf3 e5 7.O-O Nbd7 8.Re1 c6 
9.Bf1 Ng4 10.h3 Nh6 11.Be3 f6 12.Qc2 Nf7 13.Rad1 Qe7 14.b4 Bh6 15.Bxh6 
Nxh6 16.c5 dxc5 17.Bc4+ Nf7 1/2-1/2

[Event "7th Reykjavik op"]
[Site "Reykjavik ISL"]
[Date "1976.??.??"]
[Round "5"]
[White "Matera, Sal"]
[Black "Olafsson, Fridrik"]
[WhiteElo "2420"]
[BlackElo "2550"]
[Result "0-1"]
[EventDate "1976.08.24"]
[PlyCount "84"]

1.d4 Nf6 2.c4 e6 3.Nc3 Bb4 4.e3 c5 5.Bd3 O-O 6.Nf3 d5 7.O-O b6 8.cxd5 exd5
9.Ne5 Bxc3 10.bxc3 Ba6 11.Bxa6 Nxa6 12.dxc5 Re8 13.Ng4 Nxg4 14.Qxg4 Nxc5 
15.Rd1 Ne4 16.Bb2 Qf6 17.Qe2 Qe6 18.Rd4 Rac8 19.Rad1 Rc5 20.Qd3 h6 21.Ba1 
Ra5 22.Qc2 Rc5 23.Qd3 Nf6 24.Ra4 Re7 25.Bb2 Rec7 26.Rd4 Rc4 27.h3 R7c5 28.
Qc2 Ne4 29.Rxc4 Rxc4 30.Rd4 Qc6 31.Qd3 Rxd4 32.Qxd4 f6 33.f3 Nd6 34.Qb4 a5
35.Qb3 Qc5 36.Bc1 b5 37.Bd2 Nc4 38.Bc1 Nxe3 39.Bxe3 Qxe3+ 40.Kh1 Qc1+ 41.
Kh2 Qf4+ 42.Kh1 Qc4 0-1

[Event "7th Reykjavik op"]
[Site "Reykjavik ISL"]
[Date "1976.??.??"]
[Round "5"]
[White "Petursson, Margeir"]
[Black "Gunnarsson, Gunnar"]
[WhiteElo "2390"]
[BlackElo "2310"]
[Result "1-0"]
[EventDate "1976.08.24"]
[PlyCount "225"]

1.c4 g6 2.e4 Bg7 3.d4 c5 4.Nf3 cxd4 5.Nxd4 Nc6 6.Be3 Nf6 7.Nc3 d6 8.Be2 
O-O 9.O-O Nxd4 10.Bxd4 Bd7 11.Qd2 Bc6 12.f3 Qa5 13.Rad1 Rfc8 14.f4 Nxe4 
15.Nxe4 Qxd2 16.Rxd2 Bxe4 17.Re1 f5 18.Bxg7 Kxg7 19.Bd3 Bxd3 20.Rxd3 Kf7 
21.b3 Rc7 22.Kf2 a6 23.Re2 b5 24.cxb5 axb5 25.Rd5 Rb8 26.Rd4 b4 27.Red2 
Rb6 28.h3 h6 29.Rd5 Kf6 30.Kf3 Rc3+ 31.Kf2 g5 32.g4 fxg4 33.hxg4 gxf4 34.
Rf5+ Kg6 35.Rxf4 e5 36.Rf8 Kg5 37.Rg8+ Kf4 38.Rg6 Rcc6 39.Kg2 e4 40.Rf2+ 
Ke3 41.Rxh6 Kd3 42.Rh5 e3 43.Rf1 Ke4 44.Kg3 Rc5 45.Rf6 Re5 46.Rxe5+ Kxe5 
47.g5 Rc6 48.Kf3 Rc3 49.Rf8 d5 50.g6 e2+ 51.Kxe2 Rg3 52.Rg8 Ke4 53.Kf2 Rg5
54.g7 Kd3 55.Kf3 d4 56.Kf4 Rg1 57.Ke5 Re1+ 58.Kd6 Rg1 59.Kc5 Kc3 60.Kb5 
Rg5+ 61.Ka4 Kd2 62.Kxb4 d3 63.a4 Rg4+ 64.Ka3 Rg5 65.b4 Rg3 66.Kb2 Rg2 67.
a5 Kd1+ 68.Kc3 d2 69.Rd8 Rg3+ 70.Kc4 Kc2 71.a6 Rg4+ 72.Kc5 Rg5+ 73.Kb6 
Rg6+ 74.Ka5 Rxg7 75.b5 Rh7 76.b6 Rh5+ 77.Kb4 Rh4+ 78.Kc5 Rh5+ 79.Kc4 Rh4+ 
80.Kb5 Rh5+ 81.Kc6 Rh6+ 82.Kb7 Rh7+ 83.Ka8 Rh8 84.Rxh8 d1=Q 85.b7 Qd5 86.
Rh5 Qe4 87.Re5 Qc6 88.Rf5 Qe4 89.Rf4 Qd5 90.Rd4 Qf3 91.Ka7 Qf7 92.Rc4+ Kb3
93.Rd4 Ka3 94.Rd3+ Ka2 95.Ka8 Qe8+ 96.b8=Q Qe4+ 97.Qb7 Qxd3 98.Qf7+ Ka1 
99.Qf6+ Ka2 100.Qe6+ Ka1 101.Qe5+ Ka2 102.Qa5+ Kb2 103.a7 Qe4+ 104.Kb8 
Qe8+ 105.Kb7 Qe4+ 106.Ka6 Kb3 107.Qd8 Qc4+ 108.Kb7 Qe4+ 109.Kb8 Qe5+ 110.
Qc7 Qe8+ 111.Kb7 Qe4+ 112.Qc6 Qe7+ 113.Ka6 1-0

[Event "7th Reykjavik op"]
[Site "Reykjavik ISL"]
[Date "1976.??.??"]
[Round "5"]
[White "Vukcevich, Milan"]
[Black "Olafsson, Helgi"]
[WhiteElo "2490"]
[BlackElo "2370"]
[Result "1/2-1/2"]
[EventDate "1976.08.24"]
[PlyCount "86"]

1.e4 c5 2.Nf3 d6 3.d4 cxd4 4.Nxd4 Nf6 5.Nc3 a6 6.Be2 e6 7.O-O Be7 8.f4 O-O
9.Be3 Nc6 10.Qe1 Bd7 11.Qg3 Nxd4 12.Bxd4 Bc6 13.Bd3 b5 14.a3 Qd7 15.Rf3 a5
16.Qh3 e5 17.fxe5 dxe5 18.Bxe5 Bc5+ 19.Kh1 Qxh3 20.Rxh3 Ng4 21.Bg3 b4 22.
Nd5 bxa3 23.bxa3 f5 24.Nf4 Ne3 25.exf5 g5 26.fxg6 Rxf4 27.Rh5 Bxg2+ 28.Kg1
Bd5 29.Bxf4 Ng2+ 30.Kh1 Nxf4+ 31.Rxd5 Nxd5 32.Bc4 Rd8 33.gxh7+ Kxh7 34.Rd1
Bxa3 35.Bxd5 Kh6 36.c4 Bb4 37.Rb1 Re8 38.Rb2 Re1+ 39.Kg2 Rd1 40.Kf3 Rd2 
41.Rxd2 Bxd2 42.c5 a4 43.c6 Ba5 1/2-1/2

[Event "7th Reykjavik op"]
[Site "Reykjavik ISL"]
[Date "1976.??.??"]
[Round "6"]
[White "Angantysson, Haukur"]
[Black "Timman, Jan"]
[WhiteElo "2400"]
[BlackElo "2550"]
[Result "0-1"]
[EventDate "1976.08.24"]
[PlyCount "58"]

1.g3 g6 2.Bg2 Bg7 3.d3 e5 4.e4 Ne7 5.Ne2 d5 6.O-O O-O 7.f4 dxe4 8.dxe4 
Qxd1 9.Rxd1 Bg4 10.Re1 Nbc6 11.c3 Rad8 12.Nd2 Bh6 13.Nf1 Bxe2 14.Rxe2 Rd1 
15.Rd2 Rxc1 16.Rxc1 exf4 17.Rcd1 f3 18.Bxf3 Bxd2 19.Rxd2 Ne5 20.Be2 Nc8 
21.g4 Nd6 22.Ng3 Re8 23.Kf2 Kg7 24.h4 Re6 25.g5 f6 26.Rd5 fxg5 27.hxg5 
Ndf7 28.Rc5 c6 29.b4 b6 0-1

[Event "7th Reykjavik op"]
[Site "Reykjavik ISL"]
[Date "1976.??.??"]
[Round "6"]
[White "Johannsson, Ingi Randver"]
[Black "Petursson, Margeir"]
[WhiteElo "2395"]
[BlackElo "2390"]
[Result "1-0"]
[EventDate "1976.08.24"]
[PlyCount "97"]

1.Nf3 g6 2.d4 Nf6 3.g3 Bg7 4.Bg2 O-O 5.O-O d6 6.c4 Nbd7 7.Nc3 e5 8.Qc2 Qe7
9.dxe5 dxe5 10.Nd5 Qd8 11.Rd1 c6 12.Nxf6+ Qxf6 13.Ng5 Nc5 14.Be3 Ne6 15.
Nxe6 Bxe6 16.b4 Rfc8 17.Rab1 Bf5 18.Be4 Bxe4 19.Qxe4 Qe6 20.Bc5 Bf8 21.Rb3
Rd8 22.Rbd3 Rxd3 23.Rxd3 a5 24.Bxf8 Kxf8 25.b5 Kg8 26.bxc6 Qxc6 27.Rd5 Re8
28.Qd3 b6 29.Qb3 Qc7 30.Qb5 Re6 31.c5 bxc5 32.Rxc5 Qd6 33.Rd5 Qb4 34.a4 
Rb6 35.Rd8+ Kg7 36.Qxe5+ Rf6 37.Kg2 Qb6 38.Rd4 Kg8 39.e3 Re6 40.Qd5 Re8 
41.h4 h5 42.Qd7 Rb8 43.Rd6 Qb4 44.Qc6 Qe1 45.Qd5 Qb1 46.Rd7 Rf8 47.Ra7 Qb2
48.Rxa5 Qb8 49.Rb5 1-0

[Event "7th Reykjavik op"]
[Site "Reykjavik ISL"]
[Date "1976.??.??"]
[Round "6"]
[White "Olafsson, Fridrik"]
[Black "Antoshin, Vladimir"]
[WhiteElo "2550"]
[BlackElo "2460"]
[Result "1/2-1/2"]
[EventDate "1976.08.24"]
[PlyCount "52"]

1.e4 e5 2.Nf3 Nc6 3.Bb5 a6 4.Ba4 Nf6 5.O-O Nxe4 6.d4 b5 7.Bb3 d5 8.dxe5 
Be6 9.c3 Bc5 10.Qd3 O-O 11.Be3 Na5 12.Nbd2 Bxe3 13.Qxe3 c5 14.Nxe4 Nxb3 
15.Rad1 Qe7 16.Nd6 Na5 17.Qxc5 Nc4 18.b3 Rfc8 19.Qb4 Nxd6 20.exd6 Qf8 21.
Ng5 Rc6 22.f4 Qxd6 23.f5 Bc8 24.Qh4 Qc5+ 25.Kh1 Rh6 26.Qg3 Bb7 1/2-1/2

[Event "7th Reykjavik op"]
[Site "Reykjavik ISL"]
[Date "1976.??.??"]
[Round "6"]
[White "Olafsson, Helgi"]
[Black "Westerinen, Heikki"]
[WhiteElo "2370"]
[BlackElo "2485"]
[Result "0-1"]
[EventDate "1976.08.24"]
[PlyCount "81"]

1.c4 g6 2.Nc3 Bg7 3.d4 Nf6 4.e4 d6 5.Be2 O-O 6.Nf3 e5 7.O-O Nc6 8.d5 Ne7 
9.Ne1 Ne8 10.Nd3 f5 11.f4 exf4 12.Nxf4 Nf6 13.exf5 Nxf5 14.g4 Ne7 15.h3 c6
16.Bf3 cxd5 17.cxd5 b5 18.Kg2 b4 19.Nce2 Ne8 20.Nd4 Nc7 21.Be3 Be5 22.Nfe6
Bxe6 23.Nxe6 Nxe6 24.dxe6 Rc8 25.Qd2 Rc4 26.Be2 Qa8+ 27.Kg1 Rcc8 28.Bh6 
Qe4 29.Rxf8+ Rxf8 30.Bxf8 Bd4+ 31.Kh2 Be3 32.Qd3 Qf4+ 33.Kh1 Qg3 34.Qxe3 
Qxe3 35.Bxe7 Qxe2 36.Bxd6 Qxe6 37.Bg3 Qe4+ 38.Kg1 Qd4+ 39.Bf2 Qxb2 40.Rd1 
a5 41.a4 0-1

[Event "7th Reykjavik op"]
[Site "Reykjavik ISL"]
[Date "1976.??.??"]
[Round "6"]
[White "Sigurjonsson, Gudmundur"]
[Black "Thorsteinsson, Bjorn"]
[WhiteElo "2530"]
[BlackElo "2415"]
[Result "1-0"]
[EventDate "1976.08.24"]
[PlyCount "59"]

1.e4 e5 2.Nf3 Nc6 3.Bb5 a6 4.Ba4 Nf6 5.O-O Be7 6.Re1 b5 7.Bb3 O-O 8.c3 d6 
9.h3 Na5 10.Bc2 c5 11.d4 Qc7 12.Nbd2 cxd4 13.cxd4 Bb7 14.d5 Rac8 15.Bb1 
Nc4 16.Nf1 a5 17.Ng3 g6 18.b3 Nb6 19.Bh6 Rfe8 20.Qd2 b4 21.Bd3 Nbd7 22.Bb5
Bf8 23.Bxf8 Rxf8 24.Qh6 Qd8 25.Ng5 Rc7 26.Re3 Qe7 27.Bxd7 Rxd7 28.Nh5 gxh5
29.Rg3 h4 30.Ne6+ 1-0